| 000 | 00915nam a22002777a 4500 | ||
|---|---|---|---|
| 003 | OSt | ||
| 005 | 20160625104516.0 | ||
| 008 | 160625b xxu||||| |||| 00| 0 eng d | ||
| 020 | _a978-0-7821-4130-6 | ||
| 040 | _cLIC | ||
| 082 |
_22003 _aDC 004.6 _bM66w |
||
| 245 |
_aMastering Windows Server 2003 / _cMark Minasi ... [and four others] |
||
| 260 |
_aSan Francisco ; London : _bSYBEX, _cc2003 |
||
| 300 |
_axxxv, 1753 pages : _billustrations ; _c23 cm.+ _e1 CD-ROM (4 3/4 in.) |
||
| 365 |
_b1,995.00 _cPhp |
||
| 500 | _aIncludes index | ||
| 650 | 0 |
_910493 _aMicrosoft Windows server |
|
| 650 | 0 |
_910494 _aMicrosoft Windows (Computer file) |
|
| 650 | 0 |
_910495 _aClient/server computing |
|
| 650 | 0 |
_910496 _aOperating systems (Computers) |
|
| 700 |
_910497 _aMinasi, Mark |
||
| 700 |
_910498 _aAnderson, Christa |
||
| 700 |
_910499 _aBeveridge, Michele |
||
| 700 |
_910500 _aJustice, Lisa |
||
| 942 |
_2ddc _cDC |
||
| 999 |
_c3143 _d3143 |
||